000 00893nam a22002657a 4500
005 20250811143606.0
008 250811b |||||||| |||| 00| 0 eng d
020 _a978-1-4625-2202-6(hbk)
037 _cTB
040 _aCRL
_cCRL
041 _2eng
_aeng
084 _aS:86 Q5
_qCRL
245 _aHandbook of psychodynamic and approaches to psychopathology
260 _aNew York, USA:
_bThe Guilford,
_c2015.
300 _axiii,578p.
365 _a85.00
650 _2PSYCHOTHERAPY
700 _aLuyten, Patrick
_eEditor
_9817724
700 _a Mayes, Linda C.
_9817725
700 _a Fonagy, Peter
_eEditor
_9817726
700 _a Target, Mary
_eEditor
_9817727
700 _a Blatt, Sidney J.
_eEditor
_9817728
942 _2CC
_cTB
_hS:86 Q5
_n0
999 _c1434674
_d1434674